| 000 | 00000nam##2200000za#4500 |
| 001 | 9.681012 |
| 003 | CaOODSP |
| 005 | 20200330065605 |
| 007 | ta |
| 008 | 150407|2000||||xxc||||| f|0| 0 fre|d |
| 020 | |a0-662-84290-1 |
| 040 | |aCaOODSP|bfre |
| 043 | |an-cn--- |
| 086 | 1 |aA15-2020/2000F |
| 110 | 1 |aCanada. |bAgriculture et agroalimentaire Canada. |bDirection générale de la recherche. |
| 245 | 13|aLa santé de l'eau : |bvers une agriculture durable au Canada / |cSous la direction de D. R. Coote et L. J. Gregorich. |
| 260 | |aOttawa - Ontario : |bAgriculture et Agroalimentaire Canada. |c2000. |
| 300 | |axiv, 185p. : |bgraphiques, ill., cartes, références ; |c28 cm. |
| 500 | |a«Le présent document récapitule nos connaissances actuelles sur l'état de cette ressource dans les régions agricoles du Canada.»--Résumé. N.B.: Le numéro de catalogue (A15-2020/2000E) et ISBN (0-662-28489-5) imprimés dans cette publication sont incorrects. |
| 563 | |aCouverture souple |
| 590 | |a00-27|b2000-07-07 |
| 691 | 07|aQualité de l'eau|2gcpds |
| 691 | 07|aApprovisionnement en eau|2gcpds |
| 691 | 07|aÉcosystème|2gcpds |
| 691 | 07|aAgriculture|2gcpds |
| 691 | 07|aMilieu rural|2gcpds |
| 720 | 1 |aCoote, D. R. |
| 720 | 1 |aGregorich, L. J. |
| 775 | 08|tThe health of our water : |w(CaOODSP)9.647601 |
| 776 | 0#|tLa santé de l'eau : |w(CaOODSP)9.643347 |
| 986 | |aPublication 2020. |